000 00656nam a2200193Ia 4500
003 IN-BaIIA
008 211028s9999 xx 000 0 eng d
040 _cIIA Library
080 _a524.64(082.2)
_bEMI
245 0 _aEmission lines in active galactic nuclei
_cedited by P. M. Gondhalekar
260 _aChilton
_bRutherford Appleton Laboratory
_c1987
300 _avii, 233p.
490 _aRutherford Appleton Laboratory 87-109
650 _aActive galactic nuclei
_96209
650 _aAstronomy and astrophysics thesaurus
650 _aEmission lines
_913083
700 _aGondhalekar, P. M., ed.
_914671
942 _cBK
999 _c9845
_d9845